000 01282nam0a22002771 4500
001 rc\3035246
005 20250806201754.0
035 _a(NLR Aleph) 007175910
090 _a15074
_c15074
100 _a20111004d1944 u y0rusy50 ca
101 0 _arus
102 _aRU
105 _ay z |||||
200 1 _aТемник для рационализаторов и изобретателей по открытым угольным разработкам
_fНКУП СССР, Произв.-техн. отдел открытых работ. Дом инженера и техника им. Ф.Э. Дзержинского
210 _aМосква
_cГостоптехиздат
_d1944
215 _a8 с.
_d17 см
300 _aБез обл.
712 0 2 _aСССР
_bНародный комиссариат угольной промышленности
_bПроизводственно-технический отдел открытых работ
_4570
712 0 2 _aДом инженера и техника им. Дзержинского
_cМосква
_4570
801 0 _aRU
_bNLR
_gpsbo
801 1 _aRU
_bELAR
_2rusmarc
852 _aNLR
_jТ26 Г-2/105
942 _cBOOK
945 _aРоссийская национальная библиотека
980 _aNB
980 _aBV